000 03110nam0a2200409 i 4500
001 RU\NLR\BIBL_A\010744034
005 20240921213755.0
021 _aRU
_b15-20350
035 _a(NILC)RuMoRGB-007892839
035 _a(NLR Aleph) 010744034
090 _a9915225
_c9915225
100 _a20150505d2015 k y0rusy50 ca
101 0 _arus
_aeng
102 _aRU
105 _aa|||z|||111yy
200 1 _aXVIII Докучаевские молодежные чтения "Деградация почв и продовольственная безопасность России", 2-5 марта 2015 года, Санкт-Петербург
_eматериалы Международной научной конференции
_eпосвящается Международному году почв 2015
210 _aСанкт-Петербург
_cИздательский дом С.-Петербургского государственного университета
_d2015
215 _a424, [1] с.
_cил.
_d20
300 _aНа обл.: Деградация почв и продовольственная безопасность России: материалы XVIII Докучаевских молодежных чтений, 2-5 марта 2015 года, Санкт-Петербург
300 _aВ надзаг.: Санкт-Петербургский гос. ун-т, Ин-т наук о земле, ФГБНУ "Центр. музей почвоведения", Межрегион. общ. орг. "Природоохр. союз" [и др.]
300 _aЧасть текста на англ. яз.
320 _aБиблиогр. в конце ст.
320 _aАлф. список авт. в конце кн.
512 1 _aДеградация почв и продовольственная безопасность России
_eматериалы XVIII Докучаевских молодежных чтений, 2-5 марта 2015 года, Санкт-Петербург
532 1 1 _aВосемнадцатые Докучаевские молодежные чтения "Деградация почв и продовольственная безопасность России"
606 1 _aПочвы
_jСъезды, совещания и т.п
_xДеградация
_yРоссийская Федерация
_92288913
_3RU\NLR\AUTH\661370930
606 1 _aПродовольственная безопасность
_jСъезды, совещания и т.п
_yРоссийская Федерация
_92162231
_3RU\NLR\AUTH\661301191
610 0 _aдеградация почв
686 1 _aП064(2Р)я431(0)
686 1 _aП032.231(2Р)я431(0)
686 1 _aУ9(2)-982(2Р)
710 1 2 _aДокучаевские молодежные чтения
_d18
_eСанкт-Петербург
_f2015
_9464831
_3RU\NLR\AUTH\880398976
801 0 _aRU
_bРГБ
_c20150320
_gRCR
942 _cBOOK
980 _aNBR